书目信息 |
| 题名: |
理论评论
|
|
| 作者: | 陈建功 , 陈昌本 编 | |
| 分册: | ||
| 出版信息: | 北京 华文出版社 1998.04 |
|
| 页数: | 386页 | |
| 开本: | 20cm | |
| 丛书名: | 鲁迅文学奖获奖作品丛书 | |
| 单 册: | ||
| 中图分类: | I206 | |
| 科图分类: | ||
| 主题词: | 文学--中国 | |
| 电子资源: | ||
| ISBN: | 7-5075-0719-X | |
| 000 | 00642nam0 2200217 45 | |
| 001 | 0199000518 | |
| 005 | 20070328151859.95 | |
| 010 | @a7-5075-0719-X@dCNY28.00 | |
| 100 | @a19990804d km y0chiy0120 ea | |
| 101 | 0 | @achi |
| 200 | 1 | @Ali lun ping lun@Fchen jian gong,chen chang ben bian@a理论评论@f陈建功,陈昌本编 |
| 210 | @a北京@c华文出版社@d1998.04 | |
| 215 | @a386页@c无图表@d20cm | |
| 225 | 2 | @a鲁迅文学奖获奖作品丛书 |
| 410 | 0 | @12001 @a鲁迅文学奖获奖作品丛书 |
| 606 | 0 | @a文学@x中国 |
| 690 | @aI206@v3 | |
| 701 | 0 | @a陈建功@Achen jian gong@4编 |
| 701 | 0 | @a陈昌本@Achen chang ben@4编 |
| 801 | 0 | @c20070328 |
| 905 | @dI206@eC461@f2 | |
| 理论评论/陈建功,陈昌本编.-北京:华文出版社,1998.04 |
| 386页:无图表;20cm.-(鲁迅文学奖获奖作品丛书) |
| ISBN 7-5075-0719-X:CNY28.00 |
| ● |
| 相关链接 |
|
|
|
正题名:理论评论
索取号:I206/C461
 
预约/预借
| 序号 | 登录号 | 条形码 | 馆藏地/架位号 | 状态 | 备注 |
| 1 | 447906 | 204479064 | 文学库108/108文学库 4排11列3层/ [索取号:I206/C461] | 在馆 | |
| 2 | 447907 | 204479073 | 文学库108/108文学库 4排11列3层/ [索取号:I206/C461] | 在馆 | |
| 3 | 447908 | 204479082 | 文学库108/108文学库 4排11列3层/ [索取号:I206/C461] | 在馆 |